| 000 | 00347nam a22001457a 4500 | ||
|---|---|---|---|
| 008 | 230626b ||||| |||| 00| 0 eng d | ||
| 020 | _a9781617311529 | ||
| 041 | _aeng | ||
| 080 |
_2SECOND EDITION _a611 |
||
| 082 | _a611NEA | ||
| 100 | _a10 | ||
| 101 | _aANATOMY | ||
| 245 |
_aCASE MYSTERIES IN PATHOPHYSIOLOGY _cNEAFSEY.J.P |
||
| 942 |
_2udc _cBK |
||
| 999 |
_c60035 _d60035 |
||